Prestavba verejného priestoru – Bratislava Ostredky

Enregistré dans:
Détails bibliographiques
Auteur principal: Lehotová, Magdaléna (Auteur)
Autres auteurs: Sopirová, Alžbeta (Directeur de thèse)
Format: Manuscrit Livre
Langue:slovaque
Publié: Bratislava 2023
Sujets:
Accès en ligne:http://is.stuba.sk/zp/portal_zp.pl?podrobnosti=152781
Tags: Ajouter un tag
Pas de tags, Soyez le premier à ajouter un tag!

MARC

LEADER 00000ntm a22000003a 4500
001 stuzp94123
003 SK-STU
005 20231005095556.2
007 ta
008 150427s2015----xo-----f-mn---000-0-slo-d
040 |a STU  |b slo 
041 0 |a slo 
100 1 |a Lehotová, Magdaléna  |u 056160  |4 aut  |U FAD Fakulta architektúry a dizajnu  |T FAD Ústav urbanizmu a územného plánovania  |X 99384  |U A6160  |Y 397  |7 99384 
242 0 1 |a Reconstruction of public space - Bratislava Ostredky  |y eng 
245 1 0 |a Prestavba verejného priestoru – Bratislava Ostredky 
260 |c 2023  |a Bratislava 
650 4 |a verejný priestor  |2 slo 
650 4 |a Bratislava Ostredky  |2 slo 
650 4 |a komunitná identita  |2 slo 
650 4 |a prestavba  |2 slo 
650 4 |a udržateľnosť  |2 slo 
650 4 |a zeleň  |2 slo 
650 4 |a statická doprava  |2 slo 
650 4 |a public space  |2 eng 
650 4 |a Bratislava Ostredky  |2 eng 
650 4 |a reconstruction  |2 eng 
650 4 |a community identity  |2 eng 
650 4 |a sustainability  |2 eng 
650 4 |a static traffic  |2 eng 
650 4 |a greenery  |2 eng 
700 1 |a Sopirová, Alžbeta  |u 056160  |k Z1  |4 ths  |U FAD Fakulta architektúry a dizajnu  |T FAD Ústav urbanizmu a územného plánovania  |X 4201  |U A6160  |Y 397  |7 A000004201 
856 4 |u http://is.stuba.sk/zp/portal_zp.pl?podrobnosti=152781  |u https://opac.crzp.sk/?fn=detailBiblioForm&sid=C03CB0FBA6588971D13F27D1B6BF